Religion Quiz

Random Religion or Bible Quiz
Score 0/19 Timer 03:00
4 Plays Today
Palindrome Bible Book(s) % Correct
EZEEzekiel
78.6%
IPPIPhilippians
70.4%
AGGAHaggai
66.4%
SISGenesis
64.2%
ENEGenesis
61.9%
OLOColossians/Song of Solomon
61.5%
AIAIsaiah
57%
ALAGalatians/Malachi
54.3%
KUKHabakkuk
53.1%
TITTitus
51.3%
Palindrome Bible Book(s) % Correct
EHENehemiah
49.9%
ILIPhilippians
48.6%
EVERevelation
41.3%
ABAHabakkuk
39.1%
ETE1 Peter/2 Peter
35.4%
EREJeremiah
33.8%
ITILeviticus
33.8%
ONODeuteronomy
24.1%
TATLamentations
17.2%
Remove Ads.
Support Sporcle.
Get the best of Sporcle when you Go Orange. This ad-free experience offers more features, more stats, and more fun while also helping to support Sporcle. Thank you for becoming a member.

You're not logged in!

Compare scores with friends on all Sporcle quizzes.
OR
Log In

Show Comments

Extras

Top Quizzes Today


Score Distribution

Your Account Isn't Verified!

In order to create a playlist on Sporcle, you need to verify the email address you used during registration. Go to your Sporcle Settings to finish the process.

Report this User

Report this user for behavior that violates our Community Guidelines.

Details: